000 01000nmm a2200313 a 4500
001 ocm0002015567
003 TR-IsHL
005 20201028175951.0
008 181111s2016 tu tur
007 cr cn
020 _a9786059129442
035 _a2015567
_b(N$T)
050 0 4 _aT385
_b.B39 2016
090 0 4 _aT385
_b.B39 2016
100 1 _aBaykal, Gökalp
245 1 0 _aAutoCAD 2016: iki boyutlu tasarım-giriş ve orta düzey
_h[electronic resource] /
_cGökalp Baykal ; Murat Öğütlü, Tuncay Bakkal
250 _a1. baskı
260 _aİstanbul :
_bAbaküs Yayınları,
_c2016
300 _a768 p.
650 4 _aBilgisayar
650 4 _aComputer Sciences
650 0 _aAutoCAD
650 0 _aBilgisayar grafikleri
650 0 _aComputer graphics
650 7 _aCOMPUTERS / Computer Graphics
_2bisacsh
700 1 _aÖğütlü, Murat
700 1 _aBakkal, Tuncay
856 4 0 _uhttp://search.ebscohost.com/login.aspx?direct=true&scope=site&db=e011xww&AN=2015567
999 _c18921
_d18921